| 000 | 00905nam a22002297a 4500 | ||
|---|---|---|---|
| 999 |
_c7964 _d7964 |
||
| 003 | AR-CdUCM | ||
| 008 | 190321b ||||| |||| 00| 0 spa d | ||
| 040 |
_aMUNICIPALIDAD PROVINCIAL DEL CUSCO _cBIBLIOTECA MUNICIPAL DEL CUSCO |
||
| 082 |
_22ed. _a633.2 / _bK65 |
||
| 100 |
_aKlitsch, C. _922503 |
||
| 245 | _aProduccion de forrajes / | ||
| 260 |
_aZaragoza : _bAcribia, _c1965. |
||
| 300 |
_a335 paginas ; _bIlustraciones, cuadros, _c29 cm. |
||
| 505 | _aContenido : Principios fundamentales y división de materias -- El cultivo de las plantas forrajes -- Los cultivos intercalares -- El prado permanente -- Las plantas de la praderÃa ... | ||
| 650 |
_aPraderas verdes _922504 |
||
| 650 |
_aForraje o pasto _922505 |
||
| 650 |
_aMalva forrajera _922506 |
||
| 700 |
_aMontserrat Recoder, Pedro (Traductor) _922507 |
||
| 700 |
_aAlvarez Sanchez, Julio _922508 |
||
| 942 |
_2ddc _cLIBROS |
||
| 945 | _awnts | ||